Valencia players (2010-2020) - Statistics

General Stats
  • This quiz has been taken 18 times
  • The average score is 62 of 123
Answer Stats
Rank Player Positions Nationality Matches Goals (assists) Period % Correct
2 José Gayà LB 176 3 (17) 2013-2020
100%
25 Daniel Wass CM 67 2 (10) 2018-2020
92%
1 Dani Parejo CM 282 53 (50) 2011-2020
92%
4 Diego Alves GK 147 0 (0) 2011-2017
92%
15 Ezequiel Garay CB 92 6 (0) 2016-2020
92%
13 Gabriel Paulista CB 93 1 (2) 2017-2020
92%
21 Geoffrey Kondogbia DM 77 6 (6) 2017-2020
92%
76 Kang-in Lee RW 20 2 (0) 2018-2020
92%
28 André Gomes CM 63 6 (5) 2014-2016
85%
35 Denis Cheryshev LW 58 6 (4) 2015-2016, 2018-2020
85%
22 João Cancelo RB 74 2 (8) 2014-2018
85%
29 Kévin Gameiro ST 62 12 (4) 2018-2020
85%
26 Neto GK 67 0 (0) 2017-2019
85%
3 Rodrigo ST 172 38 (33) 2014-2020
85%
54 Rodrigo De Paul CM 34 1 (4) 2014-2016
85%
5 Sofiane Feghouli AM 146 20 (34) 2010-2016
85%
38 Álvaro Negredo ST 55 10 (7) 2014-2016
77%
7 Carlos Soler CM 115 8 (12) 2016-2020
77%
24 Ferran Torres ST 71 6 (7) 2017-2020
77%
20 Gonçalo Guedes LW 79 12 (16) 2017-2020
77%
72 Jasper Cillessen GK 24 0 (1) 2019-2020
77%
46 Jaume Doménech GK 44 0 (0) 2015-2020
77%
58 Maxi Gómez ST 33 9 (3) 2019-2020
77%
6 Santi Mina ST 117 29 (11) 2015-2019
77%
27 Shkodran Mustafi CB 64 6 (2) 2014-2017
77%
43 Simone Zaza ST 53 19 (3) 2016-2018
77%
9 Antonio Barragán RB 110 1 (9) 2011-2016
69%
51 Aymen Abdennour CB 35 0 (0) 2015-2017
69%
14 Paco Alcácer ST 93 30 (13) 2011-2012, 2013-2017
69%
68 Cristiano Piccini CB 25 1 (0) 2018-2020
62%
31 Enzo Pérez DM 61 0 (2) 2014-2017
62%
85 Fabián Orellana RW 16 1 (1) 2016-2017
62%
32 Francis Coquelin DM 61 1 (2) 2017-2020
62%
79 Jeison Murillo CB 18 0 (0) 2017-2019
62%
11 Jérémy Mathieu LB 109 5 (9) 2010-2014
62%
8 Jonas CF 113 36 (16) 2010-2014
62%
33 Jordi Alba LB 59 4 (5) 2010-2012
62%
48 Mouctar Diakhaby CB 43 2 (0) 2018-2020
62%
70 Nani LW 25 5 (8) 2016-2017
62%
53 Nicolás Otamendi CB 35 6 (0) 2014-2015
62%
12 Roberto Soldado ST 101 59 (10) 2010-2013
62%
42 Rúben Vezo CB 54 1 (1) 2013-2019
62%
65 Toni Lato LB 28 0 (2) 2016-2019
62%
55 Zakaria Bakkali LW 34 2 (4) 2015-2017
62%
30 Adil Rami CB 61 2 (3) 2011-2014
54%
95 Alessandro Florenzi RB 12 0 (0) 2019-2020
54%
73 Andreas Pereira AM 23 1 (4) 2017-2018
54%
39 David Albelda DM 55 0 (1) 2010-2013
54%
83 Eduardo Vargas ST 17 3 (1) 2013-2014
54%
17 Éver Banega CM 88 7 (13) 2010-2014
54%
78 Jaume Costa LB 19 0 (1) 2019-2020
54%
16 Javi Fuego DM 89 5 (1) 2013-2016
54%
57 Juan Mata AM 33 8 (13) 2010-2011
54%
90 Luciano Vietto ST 14 2 (1) 2017-2018
54%
99 Mathew Ryan GK 10 0 (0) 2015-2017
54%
59 Munir El Haddadi RW 33 6 (3) 2016-2017
54%
89 Nemanja Maksimovic CM 15 0 (0) 2017-2018
54%
10 Pablo Piatti AM 110 15 (18) 2011-2016
54%
18 Ricardo Costa CB 87 7 (3) 2010-2014
54%
113 Thierry Correia RB 4 0 (0) 2019-2020
54%
19 Tino Costa CM 82 10 (11) 2010-2013
54%
45 Andrés Guardado CM 48 1 (3) 2012-2014
46%
34 Aritz Aduriz ST 58 17 (3) 2010-2012
46%
86 César Sánchez GK 15 0 (0) 2010-2011
46%
50 Eliaquim Mangala CB 38 2 (0) 2016-2017, 2019-2020
46%
62 Fede Cartabia RW 29 0 (1) 2013-2014, 2016-2017
46%
71 Guilherme Siqueira LB 24 0 (1) 2015-2017
46%
110 Isco AM 4 0 (0) 2010-2011
46%
40 João Pereira RB 55 0 (4) 2012-2014
46%
41 Martín Montoya RB 54 2 (5) 2016-2018
46%
88 Michy Batshuayi ST 15 1 (0) 2018-2019
46%
116 Rafa Mir ST 2 0 (0) 2016-2017
46%
49 Sergio Canales AM 43 3 (6) 2011-2014
46%
98 Seydou Keita CM 11 1 (0) 2013-2014
46%
23 Vicente Guaita GK 73 0 (0) 2010-2014
46%
67 Ángel Dealbert CB 25 0 (1) 2010-2012
38%
104 Facundo Roncaglia CB 7 0 (0) 2018-2019
38%
74 Mario Suárez DM 21 3 (0) 2016-2017
38%
47 Mehmet Topal DM 43 1 (1) 2010-2012
38%
52 Miguel RB 35 0 (4) 2010-2012
38%
111 Miguel Ángel Moyá GK 4 0 (0) 2010-2011
38%
106 Nacho Vidal RB 7 1 (0) 2017-2018
38%
37 Pablo Hernández RW 57 8 (10) 2010-2012
38%
84 Rubén Sobrino ST 17 1 (0) 2018-2020
38%
118 Tropi CM 2 0 (0) 2014-2016
38%
109 Vinícius Araújo ST 6 0 (1) 2013-2014
38%
61 Aderllan Santos CB 29 0 (0) 2015-2017
31%
100 Alejandro Domínguez AM 9 0 (1) 2010-2011
31%
81 Álvaro Medrán CM 17 2 (0) 2016-2018
31%
66 Aly Cissokho CB 25 2 (2) 2012-2013
31%
56 Bruno Saltor RB 33 0 (2) 2010-2012
31%
121 Bruno Zuculini DM 1 0 (0) 2014-2015
31%
77 Danilo Barbosa DM 19 0 (1) 2015-2016
31%
82 David Navarro CB 17 1 (0) 2010-2011
31%
92 Dorlan Pabón RW 13 3 (0) 2013-2014
31%
93 Fernando Gago DM 13 0 (0) 2012-2013
31%
87 Hélder Postiga ST 15 3 (0) 2013-2014
31%
108 Hugo Guillamón DM 6 0 (0) 2019-2020
31%
60 Joaquín RW 30 4 (7) 2010-2011
31%
44 Juan Bernat LB 51 1 (4) 2011-2014
31%
63 Lucas Orbán CB 29 1 (1) 2014-2016
31%
97 Manu Vallejo CF 11 2 (0) 2019-2020
31%
75 Marius Stankevicius CB 21 2 (0) 2010-2011
31%
64 Nelson Valdez ST 28 6 (0) 2012-2013
31%
103 Philippe Senderos CB 8 0 (0) 2013-2014
31%
91 Vicente LW 14 1 (1) 2010-2011
31%
120 Yoel Rodríguez GK 2 0 (0) 2014-2015
31%
101 Carles Gil AM 8 1 (1) 2014-2015
23%
107 Filipe Augusto DM 6 0 (0) 2014-2015
23%
69 Hedwiges Maduro DM 25 1 (0) 2010-2012
23%
105 Manuel Fernandes AM 7 0 (1) 2010-2011
23%
96 Míchel Herrero CM 12 0 (2) 2013-2014
23%
102 Nacho Gil LW 8 0 (2) 2016-2018
23%
94 Oriol Romeu DM 13 0 (0) 2013-2014
23%
114 Vicente Esquerdo AM 3 0 (0) 2019-2020
23%
36 Víctor Ruiz CB 58 1 (1) 2011-2014
23%
119 Wilfried Zahibo CM 2 0 (0) 2015-2016
23%
122 Fran Villalba AM 1 0 (0) 2015-2016
15%
112 Rober Ibáñez RW 4 0 (0) 2014-2015
15%
115 Adrián Guerrero LB 2 0 (0) 2019-2020
8%
80 Jonathan Viera AM 18 2 (3) 2012-2014
8%
123 Portu RW 1 0 (0) 2013-2014
8%
117 Sito LW 2 0 (0) 2015-2017
8%
No matching quizzes found
Score Distribution
Percent of People with Each Score
Percentile by Number Answered
Your Score History
You have not taken this quiz